000 00413nam a22001577a 4500
020 _a9789351192091
082 _a005.369
_bTIC/AU
100 _aTickoo,Sham
_9778
100 _aAmit Bhatt
_9779
100 _aKishore,T
_9780
100 _aGaurav Verma
_9781
245 _aAutoCAD 2014 for Engineers and Designers
260 _aNew Delhi
_bDream Tech Press
_c2014
490 _aTickoo - CADCIM Series
942 _cBK
999 _c14465
_d14465